[Event "AUT-ch U10 Girls Online Rapid"]
[Site "Playchess.com INT"]
[Date "2020.12.13"]
[Round "5"]
[White "Antenreiter, Jana"]
[Black "Visneider, Laura"]
[Result "0-1"]
[WhiteElo "1267"]
[BlackElo "1455"]
[PlyCount "58"]
[EventDate "2020.12.13"]
[EventType "swiss (rapid)"]
[EventRounds "7"]
[EventCountry "AUT"]
[SourceTitle "EXT 2022"]
[Source "ChessBase"]
[SourceDate "2021.10.06"]
[SourceVersion "1"]
[SourceVersionDate "2021.10.06"]
[SourceQuality "1"]

1. e4 e5 2. Nf3 Nc6 3. Nc3 Nf6 4. Bc4 Nxe4 5. Nxe4 d5 6. Nxe5 Nxe5 7. Bxd5 Qxd5 8. d3 Bc5 9. Nxc5 Qxc5 10. Bf4 0-0 11. 0-0 Bg4 12. Qd2 Qd6 13. Rfe1 Rfe8 14. Re2 Bxe2 15. Qxe2 Qf6 16. Qd2 Re7 17. d4 Ng4 18. h3 Nh6 19. Bxc7 Rxc7 20. Re1 Re7 21. Qb4 Rxe1+ 22. Qxe1 g5 23. Qb4 b6 24. c4 Rd8 25. d5 Re8 26. b3 Qa1+ 27. Kh2 Re2 28. f3 Qf1 29. a4 Qxg2# 0-1

[Event "AUT-ch U10 Girls Online Blitz"]
[Site "Playchess.com INT"]
[Date "2020.12.11"]
[Round "4"]
[White "Antenreiter, Jana"]
[Black "Huber, Valentina"]
[Result "0-1"]
[WhiteElo "1620"]
[BlackElo "1434"]
[PlyCount "46"]
[EventDate "2020.12.11"]
[EventType "swiss (blitz)"]
[EventRounds "7"]
[EventCountry "AUT"]
[SourceTitle "EXT 2022"]
[Source "ChessBase"]
[SourceDate "2021.10.06"]
[SourceVersion "1"]
[SourceVersionDate "2021.10.06"]
[SourceQuality "1"]

1. e4 e5 2. Nf3 Nf6 3. Bc4 Nxe4 4. Nc3 Nc6 5. Nxe4 f6 6. d3 Nd4 7. Nfd2 b6 8. Qh5+ g6 9. Qd1 Bg7 10. Nb3 a5 11. c3 Nxb3 12. Qxb3 a4 13. Qa3 d5 14. Bb5+ Bd7 15. Ng3 Bxb5 16. c4 dxc4 17. dxc4 Bxc4 18. Be3 Rc8 19. Rc1 Rb8 20. Rc2 Qd7 21. Rxc4 b5 22. Qb3 Rd8 23. Qc3 c6 0-1

[Event "AUT-ch U10 Girls Online Blitz"]
[Site "Playchess.com INT"]
[Date "2020.12.11"]
[Round "5"]
[White "Wiedner, Leticia"]
[Black "Antenreiter, Jana"]
[Result "0-1"]
[WhiteElo "1357"]
[BlackElo "1620"]
[PlyCount "130"]
[EventDate "2020.12.11"]
[EventType "swiss (blitz)"]
[EventRounds "7"]
[EventCountry "AUT"]
[SourceTitle "EXT 2022"]
[Source "ChessBase"]
[SourceDate "2021.10.06"]
[SourceVersion "1"]
[SourceVersionDate "2021.10.06"]
[SourceQuality "1"]

1. d4 d5 2. c4 dxc4 3. e3 Nc6 4. Bxc4 Nf6 5. Nf3 e6 6. Nc3 Bb4 7. 0-0 0-0 8. Bd2 Ne4 9. Nxe4 h6 10. Bxb4 Re8 11. Bc3 Bd7 12. Bb3 a6 13. Bc2 b5 14. Qd3 Bc8 15. Ng3 Bb7 16. Qh7+ Kf8 17. Qh8+ Ke7 18. Bb4+ Kd7 19. Ne5+ Kc8 20. Qh7 Rh8 21. Qxg7 Rf8 22. Nxf7 Qd7 23. Nd6+ cxd6 24. Qg6 Nxb4 25. Be4 d5 26. Qxh6 dxe4 27. Qh5 e5 28. Qd1 Kc7 29. Qe2 Rad8 30. Qe1 Kb8 31. Qxb4 Rfe8 32. Qb3 Qd6 33. Qc2 Rc8 34. Qd2 Rc7 35. Qe2 Rec8 36. Rfd1 Rc4 37. Re1 Rc2 38. Red1 Rxe2 39. Re1 Qb4 40. Rxe2 Qd2 41. Rxd2 Rc1+ 42. Rd1 b4 43. Raxc1 Bc6 44. Rxc6 Ka7 45. Rc7+ Kb6 46. Rdc1 Ka5 47. R1c5+ Ka4 48. Rc1 a5 49. b3+ Ka3 50. R1c6 a4 51. Ne2 Kxa2 52. Rc2+ Ka3 53. Rc1 Kxb3 54. Rb1+ Ka3 55. Ra1+ Kb3 56. Rcc1 a3 57. Rab1+ Ka2 58. Rc2+ Kxb1 59. Rc1+ Kb2 60. Rd1 a2 61. Re1 Kc2 62. Ra1 Kb2 63. Rd1 Kc2 64. Ra1 Kb2 65. Rd1 Kc2 0-1

[Event "AUT-ch U08 Girls"]
[Site "St Kanzian"]
[Date "2019.06.21"]
[Round "2"]
[White "Antenreiter, Jana"]
[Black "Schwarz, Johanna"]
[Result "1-0"]
[WhiteElo "800"]
[BlackElo "800"]
[PlyCount "33"]
[EventDate "2019.06.21"]
[EventType "swiss"]
[EventRounds "7"]
[EventCountry "AUT"]
[SourceTitle "CBM 191 Extra"]
[Source "ChessBase"]
[SourceDate "2019.09.30"]
[SourceVersion "1"]
[SourceVersionDate "2019.09.30"]
[SourceQuality "1"]

1. e4 e5 2. Nf3 Nc6 3. Bc4 Bb4 4. c3 Bc5 5. d4 Nf6 6. dxc5 0-0 7. Be3 d6 8. 0-0 Bg4 9. Nbd2 Bxf3 10. Qxf3 Qc8 11. Qg3 Nh5 12. Qh4 g6 13. Bh6 Re8 14. Be2 Ne7 15. Bxh5 Rb8 16. Qf6 Qd8 17. Qg7# 1-0

[Event "EU Union-ch U08 16th"]
[Site "Mureck"]
[Date "2018.08.05"]
[Round "5"]
[White "Mensah, Siobhan"]
[Black "Antenreiter, Jana"]
[Result "1-0"]
[WhiteElo "875"]
[BlackElo "800"]
[PlyCount "51"]
[EventDate "2018.08.01"]
[EventType "swiss"]
[EventRounds "9"]
[EventCountry "AUT"]
[SourceTitle "CBM 186 Extra"]
[Source "ChessBase"]
[SourceDate "2018.08.24"]
[SourceVersion "1"]
[SourceVersionDate "2018.08.24"]
[SourceQuality "1"]

1. e4 e5 2. Nf3 Nc6 3. Bc4 Bc5 4. 0-0 Nf6 5. Ng5 0-0 6. Qf3 Nd4 7. Qh3 h6 8. Nf3 Nxc2 9. Na3 Nxa1 10. Re1 d6 11. Qg3 Bg4 12. Nh4 Bxa3 13. bxa3 Nc2 14. Re3 Nxe3 15. Qxe3 Qd7 16. h3 Bh5 17. Nf5 Bg6 18. Nh4 Bh5 19. Nf5 g6 20. Nxh6+ Kh7 21. d3 Qc6 22. Bb3 Ng4 23. hxg4 Bxg4 24. Nxg4 Qd7 25. Qh6+ Kg8 26. Nf6# 1-0